Logo de voiture/camion/moto - Statistiques

Statistiques générales
  • Ce quiz a été pris 1 305 fois
    1 162 depuis la dernière actualisation
  • Le résultat moyen est 50 sur 80
Statistiques - réponses
Par images Réponse % Correct
Citroen
99%
Audi
98%
BMW
98%
Ferrari
98%
Mercedes
98%
Peugeot
98%
Renault
98%
Ford
96%
Tesla
95%
Suzuki
94%
Toyota
94%
Opel
93%
Skoda
93%
Jaguar
92%
Chevrolet
91%
Honda
91%
Porsche
91%
Seat
91%
Hyundai
90%
Lamborghini
90%
Land Rover
90%
Mini
90%
Bentley
88%
Fiat
88%
Lexus
88%
Volkswagen
88%
Jeep
87%
Kia
87%
Alfa romeo
85%
Nissan
85%
Aston Martin
84%
Mitsubishi Motors
83%
Alpine (Renault)
82%
Mazda
82%
Rolls Royce
82%
Maserati
80%
DS (Citroen)
79%
Smart
78%
Subaru
78%
Mustang (Ford)
77%
Volvo
77%
Cupra
76%
Bugatti
74%
MG
74%
Abarth
72%
Yamaha
67%
Lancia
66%
Cadillac
65%
Dodge
65%
Lotus
65%
Mclaren
65%
Harley davidson
64%
Corvette
62%
Dacia
58%
Pagani
53%
Infiniti
52%
Ducati
50%
Koenigsegg
46%
Shelby
46%
Brabus
44%
Scania
34%
Kawasaki
29%
Triumph
24%
Buick
23%
MAN
20%
AC
17%
Ligier
15%
Polestar
15%
Rimac
13%
Lada
11%
Noble
7%
Donkervoort
5%
Isuzu
5%
Brilliance
2%
Iveco
2%
Lynk&co
2%
LEVC
1%
Microcar
1%
Monte-Carlo Automobile
1%
Prodrive
1%
Aucun quiz correspondant
Distribution des résultats
% des personnes avec chaque résultat
Percentile par nombre de réponses
Votre historique - résultats
Vous n’avez pas pris ce quiz depuis la dernière actualisation